000 00578nam a2200193Ia 4500
005 20250508155510.0
008 008 250505s9999 xx 000 0 eng d
037 _aBooks to be hide in OPAC
040 _aFEDL
_beng
_cFEDL
041 _aeng
_2eng
084 _a373.7304, CHA/O
_qFEDL
100 _aChase Francis S
_9764246
245 0 _aHigh school in a new era
260 _aChicago, USA
_bThe University of Chicago Press
_c1963
300 _a465p.
700 _a Anderson Harold A
_9767034
942 _cHB
_h373.7304, CHA/O
999 _c1357311
_d1357311